| 000 | 00622nam a2200217 i 4500 | ||
|---|---|---|---|
| 001 | bg | ||
| 100 | 1 | _aŻELAZNY, Marek | |
| 245 | 1 | 0 |
_aPodstawy automatyki dla studentów wydziałów mechanicznych / _cMarek Żelazny. |
| 250 | _aWyd.2. | ||
| 260 |
_aWarszawa : _bWydawnictwa Politechniki Warszawskiej, _c1970. |
||
| 300 |
_a318 s. : _brys., wykr. ; _c24 cm. |
||
| 500 | _aZaw. wykaz norm. | ||
| 504 | _aBibliogr. s. 317-318. | ||
| 650 | 9 | _aAutomatyka | |
| 655 | _aPodręczniki akademickie | ||
| 040 | _cBPK | ||
| 041 | 0 | _apl | |
| 080 | _a681.5(075.8) | ||
| 942 | _cKS | ||
| 008 | s pl f |000 0 pol | ||
| 999 |
_c31950 _d31950 |
||
| 856 |
_uhttp://koha.tu.koszalin.pl/cgi-bin/koha/opac-detail.pl?biblionumber=31950 _yKatalog online BPK |
||